000 01057pam a2200241 a 4500
020 _a047155510X :
082 0 0 _a624.068
_bHAL
_cL-40,P-39
100 1 _aHalpin, Daniel W.
_918412
245 1 0 _aPlanning and analysis of construction operations /
_cby Daniel W. Halpin and Leland S. Riggs.
260 _aNew York :
_bWiley,
_cc1992.
300 _ax, 381 p. :
_bill. ;
_c24 cm.
500 _a"A Wiley Interscience publication."
500 _a"Based on and is an extension of the original text entitled Design of construction and process operations by Daniel W. Halpin and Ronald W. Woodhead published in 1976"--Pref.
526 _a0
_b0
_c0
_d624_068000000000000_HAL
650 0 _aContractors' operations
_xComputer simulation.
_937161
650 0 _aContractors' operations
_xManagement.
_91119
650 0 _aMCE
_9379
700 1 _aHalpin, Daniel W.
_918412
700 1 _aRiggs, Leland S.
_937162
856 4 _uhttp://www.loc.gov/catdir/toc/onix04/91032231.html
856 4 2 _uhttp://www.loc.gov/catdir/description/wiley033/91032231.html
942 _2ddc
_cBK
999 _c542068
_d542068